Click a Valid U.S. State - Number of Letters - Statistics

General Stats
  • This quiz has been taken 434 times
  • The average score is 4 of 10
Answers on the Map
Answers color-coded by a green-red scale on the quiz's map according to % correct below.
 
Answer Stats
Answer % Correct
5
66%
4
63%
6
63%
7
59%
10
44%
8
40%
9
34%
13
28%
11
27%
12
20%
No matching quizzes found
Score Distribution
Percent of People with Each Score
Percentile by Number Answered
Your Score History
You have not taken this quiz